Statistics for U.S. National Parks by State - Multiple Choice

Click here to take the quiz!

General Stats

  • This quiz has been taken 5,445 times
  • The average score is 12 of 16

Answer Stats

Question Answer % Correct
Grand CanyonArizona
98%
EvergladesFlorida
94%
Rocky MountainColorado
88%
YosemiteCalifornia
88%
RedwoodCalifornia
86%
ZionUtah
85%
Mount RainierWashington
83%
DenaliAlaska
82%
Crater LakeOregon
80%
AcadiaMaine
67%
Mammoth CaveKentucky
65%
Big BendTexas
61%
Isle RoyaleMichigan
58%
GlacierMontana
54%
Hot SpringsArkansas
54%
Petrified ForestArizona
44%

Score Distribution

Percentile by Number Answered

Percent of People with Each Score

Your Score History

You have not taken this quiz